MDQL
is popping MORE tags! Check the
thread
!
Quizzes
Events
Quiz Creation
Community
Videos
Private Events
Remove Ads
Sign In
Join for FREE
Feedback
Dark Mode
Quiz Categories
Sports
Geography
Music
Movies
Television
Just For Fun
Miscellaneous
History
Literature
Language
Science
Gaming
Entertainment
Religion
Holiday
For Kids
Quiz Lab
Recent
Popular Today
Quiz Kudos Today
Editor Picks
Curator Picks
Quizzes by...
Day
Popularity
Type
Ratings
Length
Year
Community
Subscriptions
Recent Discussions
Orange Saloon
Badges
Playlists
Quests
Create
Leaderboards
Showdown
Live 5
Trivia Bingo
Activity
Puzzle Library
Sporcle Events
Private Events
Virtual Trivia
Globe League
Become a Host
Pub Owners
SporcleCon
Opinionation
Our Games
Videos
Blog
Mobile Apps
Partnerships
Remove Ads and Go Orange
Feedback
Sports
Athletes
MLB
NBA
NHL
NFL
Soccer
Sports Teams
WWE
NCAA
Football
Premier League
Basketball
Baseball
Hockey
Golf
Tennis
Cricket
Rugby
Auto Racing
Olympics
World Cup
Sports
Athletes
MLB
NBA
NHL
NFL
Soccer
Sports Teams
WWE
NCAA
Football
Premier League
Basketball
Baseball
Hockey
Golf
Tennis
Cricket
Rugby
Auto Racing
Olympics
World Cup
Random Quiz
Search Sporcle
×
Quiz Lab
Quiz Lab
Sports
Rugby
Type in answers that appear in a list
Type in answers that appear in a list
Classic
Best Score? Go Orange.
Super League Dream Teams Stats
Can you name the players to be named in each Super League Dream Team?
By
Obelix
15m
260 Questions
156 Plays
156 Plays
156 Plays
Comments
Comments
Give Quiz Kudos
Give Quiz Kudos
-
- Ratings
hide this ad
Replay
Link that replays current quiz
Next Quiz
Link to next quiz in quiz playlist
You Got
0%
They Got
Avg Score
53%
Avg Friend Score
Upgrade to see
Score Distribution
Jump to the score distribution portion of the page
Score
0/260
Timer
15:00
0
Plays Today
Name
% Correct
Jamie Peacock
93%
Jamie Peacock
93%
Jamie Peacock
92.9%
Liam Farrell
92.9%
Sam Tomkins
90.4%
Sam Tomkins
89.1%
Sam Tomkins
89.1%
Sam Tomkins
89.1%
Sam Tomkins
89.1%
Andy Farrell
88.5%
Andy Farrell
88.5%
Andy Farrell
88.5%
Andy Farrell
88.5%
Andy Farrell
88.5%
Andy Farrell
88.5%
Andy Farrell
88.5%
Kevin Sinfield
88.5%
Kevin Sinfield
88.5%
Kevin Sinfield
88.5%
Kevin Sinfield
88.5%
Jamie Peacock
87.8%
Jamie Peacock
87.8%
Jamie Peacock
87.8%
Jamie Peacock
87.8%
Jamie Peacock
87.8%
Jamie Peacock
87.8%
Jamie Peacock
87.8%
Jamie Peacock
87.8%
Joel Tomkins
87.8%
Ryan Hall
86.8%
Danny Peacock
85.9%
Sean Long
85.9%
Sean Long
85.9%
James Roby
85.8%
Ryan Hall
83.3%
Ryan Hall
83.3%
Ryan Hall
83.3%
James Roby
82.7%
James Roby
82.7%
James Roby
82.7%
James Roby
82.7%
Danny Brough
81.6%
Danny Brough
81.4%
Keiron Cunningham
80.8%
Keiron Cunningham
80.8%
Keiron Cunningham
80.8%
Keiron Cunningham
80.8%
Keiron Cunningham
80.8%
Keiron Cunningham
80.8%
Keiron Cunningham
80.8%
Rob Burrow
78.8%
Rob Burrow
78.8%
Rob Burrow
78.8%
Sean O'Loughlin
78.1%
Zak Hardaker
78.1%
Sean O'Loughlin
78.1%
Zak Hardaker
77.9%
Paul Wellens
76.9%
Paul Wellens
76.9%
Paul Wellens
76.9%
Paul Wellens
76.9%
Sean O'Loughlin
76.9%
Sean O'Loughlin
76.9%
Sean O'Loughlin
76.9%
Matty Smith
76.3%
Matty Smith
76.3%
Jason Robinson
75.6%
Jason Robinson
75.6%
Jason Robinson
75.6%
Jason Robinson
75.6%
Jason Robinson
75.6%
Keith Senior
75.6%
Keith Senior
75.6%
Keith Senior
75.6%
Keith Senior
75.6%
Keith Senior
75.6%
Kallum Watkins
74.6%
Kris Radlinski
74.4%
Kris Radlinski
74.4%
Kris Radlinski
74.4%
Kris Radlinski
74.4%
Kris Radlinski
74.4%
Kallum Watkins
74.3%
Josh Charnley
73.1%
Kevin Brown
72.8%
Adrian Morley
72.4%
Adrian Morley
72.4%
Name
% Correct
Adrian Morley
72.4%
Adrian Morley
72.4%
Joe Burgess
71.7%
Pat Richards
71.2%
Michael Shenton
71.1%
Daryl Clark
71.1%
Michael Shenton
70.8%
Danny McGuire
70.5%
Danny McGuire
70.5%
Josh Charnley
70.2%
Luke Gale
69%
Paul Sculthorpe
68.6%
Paul Sculthorpe
68.6%
Paul Sculthorpe
68.6%
Paul Sculthorpe
68.6%
Tony Smith
67.9%
Michael Smith
67.9%
Craig Smith
67.9%
Ben Westwood
67.9%
Ben Westwood
67.9%
Ben Westwood
67.9%
Ben Westwood
67.9%
Jamie Lyon
66.7%
Jamie Lyon
66.7%
Leroy Cudjoe
64.9%
Chris Hill
64.9%
Leon Pryce
64.7%
Lesley Vainikolo
64.1%
Lesley Vainikolo
64.1%
Eorl Crabtree
62.3%
Henry Paul
62.2%
Bobby Goulding
60.3%
James Graham
60.3%
Brett Hodgson
60.3%
James Graham
60.3%
James Graham
60.3%
Jermaine McGillvary
60.2%
David Hodgson
59.6%
Alex Walmsley
59.3%
Chris Hill
59%
Tommy Makinson
58.8%
Ryan Atkins
57.1%
Kirk Yeaman
56.4%
Kirk Yeaman
56.4%
Carl Ablett
56.1%
Stuart Fielden
55.8%
Stuart Fielden
55.8%
Stuart Fielden
55.8%
George Carmont
55.8%
George Carmont
55.8%
George Carmont
55.8%
Chris Joynt
55.1%
Gary Connolly
54.5%
Gary Connolly
54.5%
Gary Connolly
54.5%
Gary Connolly
54.5%
Paul Anderson
53.8%
Tom Briscoe
53.8%
Paul Newlove
53.2%
Paul Newlove
53.2%
Shaun Briscoe
53.2%
Adam Cuthbertson
53.1%
Rangi Chase
52.6%
Tommy Martyn
51.9%
Joel Monaghan
51.9%
Gareth Ellis
51.3%
Gareth Ellis
51.3%
Gareth Ellis
51.3%
Ade Gardner
51.3%
Gareth Ellis
51.3%
Martin Gleeson
50%
Martin Gleeson
50%
Elliott Whitehead
50%
Darren Albert
49.4%
Darren Albert
49.4%
Clint Greenshields
49.4%
Matt Gidley
49.4%
Matt Gidley
49.4%
Michael Dobson
49.4%
Michael Dobson
49.4%
Terry O'Connor
48.1%
James Lowes
48.1%
James Lowes
48.1%
Terry O'Connor
48.1%
Terry O'Connor
48.1%
Terry O'Connor
48.1%
Anthony Sullivan
47.4%
Name
% Correct
Anthony Sullivan
47.4%
Anthony Sullivan
47.4%
Brian McDermott
47.4%
Terry Newton
47.4%
Brett Finch
47.4%
Rémi Casty
47.4%
Clint Newton
46.8%
Tom Lineham
46.5%
Adrian Lam
45.5%
Adrian Lam
45.5%
Adrian Lam
45.5%
Scott Dureau
45.5%
Scott Dureau
45.5%
Gareth Hock
44.9%
Shaun Lunt
44.7%
Marcus Bai
44.2%
Danny Kirmond
43%
Iestyn Harris
42.3%
Iestyn Harris
42.3%
Ben Crooks
42.1%
Danny Orr
41%
Tevita Vaikona
40.4%
Tevita Vaikona
40.4%
Scott Donald
40.4%
Scott Donald
40.4%
Brett Ferres
40.4%
Zeb Taia
39.8%
Matt King
38.5%
Brett Dallas
37.8%
Brian Carney
37.2%
Matt Diskin
37.2%
Paul King
37.2%
Mark Calderwood
37.2%
Jon Wilkin
35.9%
Richard Horne
35.3%
Trent Barrett
35.3%
Garreth Carvell
34.6%
Dennis Betts
32.7%
Adrian Vowles
32.1%
Steve Menzies
32.1%
Steve Renouf
30.8%
Steve Renouf
30.8%
Paul Cooke
29.5%
Nick Fozzard
29.5%
Va'aiga Tuigamala
28.8%
Scott Moore
28.2%
Apollo Perelini
27.6%
Kevin Penny
27.6%
Stuart Spruce
25.6%
David Furner
25.6%
Peter Fox
24.4%
Alan Hunte
23.7%
David Solomona
21.8%
Andy Lynch
21.2%
Peter Gill
20.5%
Peter Gill
20.5%
Justin Murphy
20.5%
Stephen Wild
18.6%
Dean Sampson
17.9%
Steele Retchless
17.3%
Tony Mestrov
16.7%
Tony Mestrov
16.7%
Willie Peters
16.7%
Jason Demetriou
16.7%
Ben Galea
16.7%
David Fairleigh
14.7%
Ali Lauitiiti
14.7%
Ali Lauitiiti
14.7%
Graham Appo
13.5%
Gavin Clinch
12.8%
Adam Mogg
12.8%
Paul Broadbent
12.2%
Mike Forshaw
12.2%
Robbie McCormack
12.2%
Jamie Thackray
11.5%
Tonie Carroll
10.9%
Sid Domic
10.9%
Danny Nutley
9.6%
Brad Godden
9%
Matt Daylight
9%
Matt Adamson
9%
Graham Mackay
8.3%
Glenn Morrison
8.3%
Graeme Bradley
7.1%
Dale Laughton
7.1%
Michael Eagar
3.2%
Quiz Playlist
Details
Report
Send in Message
Add To Playlist
Classic:
Type in answers that appear in a list
Quiz Source
Last Updated: Feb 16, 2017
Quiz Scoreboard
CHALLENGE
Sign Up to Join the Scoreboard
Show All
Scores
Hide
Comments
May contain spoilers
Recently Published
5x2 Blitz: Bands
by SL_Kpop136
Music
30s
Colored Red Africa Blitz
by spor1
Geography
30s
Find the 'City' Movie
by crazypaving
Movies
60s
More to Explore
Quiz From the Vault
Featured Blog Post
14 Easter Pick-up Lines to Find Eggs With
hide this ad
You Might Also Like...
Tags
Rugby Quiz
Dream Team
League
Super League
Today's Top Quizzes in Sports
Browse Sports
hide this ad
Today's Top Quizzes in Rugby
Browse Rugby
Top Contributed Quizzes in Sports
1
Les entraîneurs de l'OM et du PSG au 21e siècle
2
Les meilleurs buteurs des matchs entre le PSG et l’OM
3
Players with Multiple 50 Home Run Seasons
4
2022 World Cup Stars
5
Les joueurs passés par le PSG et l'OM
6
NBA Logic Puzzle 2.0
7
Criteria MLB: Left Handed Sluggers
8
MLB Players with Two .350 Batting Average Seasons
9
Top 10 NHL Goal Scorers of All Time
10
Who Hit More Homers?
Explore More
Trending Topics
Disney
Harry Potter
Kpop
NBA
Marvel
Anime
Crossword
Pokémon
WWE
NFL
Country
Soccer
Song
The Office
Puzzle
hide this ad
More By:
Obelix
Quiz
Plays
Rating
Category
Featured
Created
England Test series leading wicket takers
2,183
5.00
Sports
Aug 5, 2015
England Test series leading run scorers
2,118
5.00
Sports
Aug 6, 2015
Lancashire County Cricket Club cup winning sides
789
5.00
Sports
May 1, 2013
Number 1 Test teams
218
5.00
Sports
Apr 11, 2013
Super League Dream Teams
156
Sports
Apr 11, 2013
Go to Creator's Profile
Score Distribution
Quiz Creator Spotlight
Obelix
Follow
Send a Message
Quizzes Created
-
Created Quiz Play Count
-
More By This Creator
Popular Quizzes Today
1
Colored Red Africa Blitz
2
Find the 'City' Movie
3
Find the US States - No Outlines Minefield
4
5x2 Blitz: Bands
5
The Countries of the World
6
Find the US States
7
Find the Countries of Europe - No Outlines Minefield
8
US States
More Sports Quizzes
'W' Names for NBA Players
Quiz Lab
Trending Quizzes
Colored Red Europe Blitz I
Colored Red Europe Blitz II
Colored Red Africa Blitz II
Colored Red Europe Blitz III
Colored Red Africa Blitz III
Recently Updated
How Do You Spell That?
pecheneg
Godzilla Movies
pecheneg
Grab Bag: 4-10 Letters
pecheneg
2024 March Madness Bracket
pecheneg
Famous TV Couples
Peacemaker
Champions League XIs: Real Madrid
pecheneg
Largest US Cities 1790-2010
pecheneg
Rides in Walt Disney World
pecheneg
Most Oscar Losses (Acting)
pecheneg
Beyoncé Albums
pecheneg
Trending Topics
Crossword
Disney
Harry Potter
Marvel
Kpop
NBA
Anime
Song
Soccer
Pokémon
Puzzle
Country
NFL
WWE
The Office
Your Account Isn't Verified!
In order to create a playlist on Sporcle, you need to verify the email address you used during registration. Go to your
Sporcle Settings
to finish the process.
Report this User
Report this user for behavior that violates our
Community Guidelines
.
Details:
Send Report
Go to the Sporcle.com Mobile Site →
Comments